Fr. Conceicao Rodrigues College of Engineering

Microprocessor and microcomputer (Record no. 23205)

MARC details
000 -LEADER
fixed length control field 00331nam a2200145Ia 4500
082 ## - DEWEY DECIMAL CLASSIFICATION NUMBER
Classification number 621.3819
Item number TOC
100 ## - MAIN ENTRY--PERSONAL NAME
Personal name Tocci/R.J/ Laskowski/L.P
250 ## - EDITION STATEMENT
Edition statement 3
245 ## - TITLE STATEMENT
Title Microprocessor and microcomputer
260 ## - PUBLICATION, DISTRIBUTION, ETC.
Name of publisher, distributor, etc. prentice
Place of publication, distribution, etc. New Jersey
Date of publication, distribution, etc. 1987
300 ## - PHYSICAL DESCRIPTION
Extent 480
546 ## - LANGUAGE NOTE
Language note ENGLISH
654 ## - SUBJECT ADDED ENTRY--FACETED TOPICAL TERMS
Focus term microprocessor
942 ## - ADDED ENTRY ELEMENTS (KOHA)
Koha item type BOOK
Holdings
Withdrawn status Lost status Damaged status Not for loan Collection Home library Current library Shelving location Date acquired Cost, normal purchase price Total Checkouts Full call number Barcode Date last seen Cost, replacement price Price effective from Koha item type
        CRC Fr. Agnel's C.Rodrigues College of Engineering Fr. Agnel's C.Rodrigues College of Engineering   17/03/2023 277.53   621.3819 TOC 2621 17/03/2023 277.53 17/03/2023 BOOK